01085nam a2200289 i 4500001000700000003000900007005001700016007000300033008004100036020001800077080002000095080003400115080001900149100002800168245010600196260003700302300003000339490002900369600004900398650004600447651005600493700004600549830003700595852002200632999001900654952012200673147105ES-MaACL20250804164614.0t|070921s1986 sp a |||| |dspa d a84-239-6529-5 a329.11(460)"19" a929 Maura y Montaner, Antonio a946.0"1902/31"1 aTusell, Javier.911176713aLa derecha española contemporánea bsus orígenes : el maurismo /cJavier Tusell, Juan Avilés. aMadrid : bEspasa-Calpe, c1986. a376 p. : bil. ; c23 cm.1 aEspasa universidad ; v214aMaura y Montaner, Antonio,d1853-1925979224 4aConservadurismo-zEspaña-yS.XX.911287 4aEspaña-xHistoria-y1902-1931, Alfonso XIII982761 aAvilés Farré, Juan,d1950-20239240730 aEspasa universidad ; v29177376 aES-MaACLjL-10819 c147105d147105 00104070aATENEOMbATENEOMcDEPO2d2008-01-17eSCl0oL-10819p1153518r2023-02-23 00:00:00w2023-02-23yMONOGRAFIA